2012 song lyrics - Statistics

General Stats
  • This quiz has been taken 1,013 times
  • The average score is 5 of 11
Answer Stats
Hint Answer % Correct
Here's my ------ so call me maybe? number
94%
where have you been? All my ---- life
85%
I need to get my ----- straight story
54%
--------- were meant to fly starships
50%
Where have the ----- gone, baby it's all wrong times
41%
And build a ---- house lego
40%
You'll find me ------- the sun chasing
34%
Yeah we ------ on table tops danced
33%
Only coffee no ----- inside my cup sugar
30%
On the upside we were -------- spiral downward
14%
And I'm ------- you like girls that give love to girls betting
6%
No matching quizzes found
Score Distribution
Percent of People with Each Score
Percentile by Number Answered
Your Score History
You have not taken this quiz